00473nam a2200145Ia 4500008004100000100002100041245010900062245002100171260005900192260000900251300000800260650001800268650001500286856002600301170221s9999 xx 000 0 und d aHanna Vuojärvi aDesigning and Implementing a CSCL-based Course on the Data Security of a Wireless Learning Environment  cHanna Vuojärvi bOnline Journal of Communication and Media Technologies c2016 a6 : xCommunication xMedia Arts uhttp://www.ojcmt.net/